Active MLB Players with Multiple World Series Rings (2025) - Statistics

General Stats
  • This quiz has been taken 523 times
    219 since last reset
  • The average score is 15 of 24
Answer Stats
Answer % Correct
Jose Altuve
98%
Freddie Freeman
93%
Justin Verlander
92%
Mookie Betts
92%
Will Smith
92%
Corey Seager
91%
Alex Bregman
87%
Max Muncy
82%
Enrique Hernández
73%
Xander Bogaerts
73%
Max Scherzer
68%
Aroldis Chapman
64%
Nathan Eovaldi
62%
Walker Buehler
62%
Charlie Morton
51%
Jorge Soler
51%
Blake Treinen
44%
Christian Vazquez
42%
Joc Pederson
42%
Lance McCullers Jr.
42%
Chris Taylor
38%
Yuli Gurriel
38%
Brusdar Graterol
17%
Ryan Brasier
12%
No matching quizzes found
Score Distribution
Percent of People with Each Score
Percentile by Number Answered
Your Score History
You have not taken this quiz since the last reset